| 000 | 00647ntm a22002057a 4500 | ||
|---|---|---|---|
| 005 | 20170809144446.0 | ||
| 008 | 170802s2013 xx a frb 000 0 eng d | ||
| 040 |
_aEG-ScBUE _beng _cEG-ScBUE |
||
| 082 | 0 | 4 |
_a624 _bMAD _222 |
| 100 | 1 | _aMady, Mona Magdy. | |
| 245 | 1 | 0 |
_aAnalysis of building roofs using new variational boundary element method based on shell elements / _cMona Magdy Mady. |
| 260 | _c2013. | ||
| 300 |
_avii. 69 p. : _bill. (col.) ; _c28 cm. |
||
| 590 | _amai allam | ||
| 650 | 7 |
_2BUEsh _aCivil Engineering. _vProjects |
|
| 653 |
_bENGCIV _cAugust2017 |
||
| 655 | _vSPRO | ||
| 700 | 1 |
_aRashed, Youssef. _eths. _934670 |
|
| 942 | _2ddc | ||
| 999 |
_c25363 _d25335 |
||